Govt. of
Madhya Pradesh

Bioresources and sustainable livelihood of rulal india (Record no. 68894)

MARC details
000 -LEADER
fixed length control field 00338nam a22001217a 4500
020 ## - INTERNATIONAL STANDARD BOOK NUMBER
ISBN 987-93-90692-57-6
082 ## - DEWEY DECIMAL CLASSIFICATION NUMBER
Classification number 630/DEB
100 ## - MAIN ENTRY--AUTHOR NAME
Personal name Deb,Chitta Ranjan & Asosii paul
245 ## - TITLE STATEMENT
Title Bioresources and sustainable livelihood of rulal india
260 ## - PUBLICATION, DISTRIBUTION, ETC. (IMPRINT)
Place of publication New dehli
Name of publisher Mittal publication
Year of publication 2021
650 ## - SUBJECT ADDED ENTRY--TOPICAL TERM
Topical Term Agriculture
942 ## - ADDED ENTRY ELEMENTS (KOHA)
Koha item type Books
Holdings
Withdrawn status Lost status Damaged status Not for loan Home library Current library Date acquired Cost, normal purchase price Full call number Accession Number Price effective from Koha item type
        MACL MACL 02/04/2026 1500.00 630/DEB CRE040407 02/04/2026 Books